Southville International School and Colleges
Your cart is empty.
  • Cart
  • Lists
    Public lists Eva Luna New books Lux_list list_1
    Your lists Log in to create your own lists
  • Log in to your account
  • Your cookies
  • Search history
Southville International School and Colleges
  • Advanced search
  • Recent comments
  • Most popular
  • Libraries

Log in to your account

Log in with GOOGLE


If you do not have an external account, but do have a local account, you can still log in:

  1. Home
  2. MARC view: Billy and the bees /
Normal view MARC view ISBD view

Billy and the bees / (Record no. 111018)

[ view plain ]
MARC details
000 -LEADER
fixed length control field 00511nam a2200193 a 4500
001 - CONTROL NUMBER
control field 3280
005 - DATE AND TIME OF LATEST TRANSACTION
control field 20140414131907.0
008 - FIXED-LENGTH DATA ELEMENTS--GENERAL INFORMATION
fixed length control field 060215s19uu xx 00 eng d
020 ## - INTERNATIONAL STANDARD BOOK NUMBER
International Standard Book Number 0-17-401154-7
050 ## - LIBRARY OF CONGRESS CALL NUMBER
Classification number ER
Item number B49 1994
100 ## - MAIN ENTRY--PERSONAL NAME
Personal name Wragg, Ted
245 ## - TITLE STATEMENT
Title Billy and the bees /
Statement of responsibility, etc Ted Wragg, Val Biro.
260 ## - PUBLICATION, DISTRIBUTION, ETC. (IMPRINT)
Place of publication, distribution, etc Canada :
Name of publisher, distributor, etc Tomas Nelson and Sons,
Date of publication, distribution, etc 1994.
300 ## - PHYSICAL DESCRIPTION
Extent 16 p. : ill. ; cm.
440 ## - SERIES STATEMENT/ADDED ENTRY--TITLE
Title Flying Boot
650 ## - SUBJECT ADDED ENTRY--TOPICAL TERM
Topical term or geographic name as entry element Bees
General subdivision Fiction.
650 ## - SUBJECT ADDED ENTRY--TOPICAL TERM
Topical term or geographic name as entry element Ice creams
General subdivision Fiction.
Holdings
Withdrawn status Lost status Damaged status Use restrictions Home library Current library Shelving location Date acquired Source of acquisition Total Checkouts Full call number Barcode Date last seen Price effective from Koha item type
        Munich Library Munich Library Easy Reading Section 02/15/2006     ER B49 1994 M1568 04/14/2014 04/14/2014 Books

Billy and the bees /

APA

Wragg T., . (1994). Billy and the bees. Canada: Tomas Nelson and Sons.

Chicago

Wragg Ted, . 1994. Billy and the bees. Canada: Tomas Nelson and Sons.

Harvard

Wragg T., . (1994). Billy and the bees. Canada: Tomas Nelson and Sons.

MLA

Wragg Ted, . Billy and the bees. Canada: Tomas Nelson and Sons. 1994.

  • Place hold
  • Print
  • Cite
  • Add to your cart (remove)
  • Save record
    BIBTEX Dublin Core MARCXML MARC (non-Unicode/MARC-8) MARC (Unicode/UTF-8) MARC (Unicode/UTF-8, Standard) MODS (XML) RIS
  • More searches
    Search for this title in:
    Other Libraries (WorldCat) Other Databases (Google Scholar) Online Stores (Bookfinder.com) Open Library (openlibrary.org)

Exporting to Dublin Core...

SOUTHVILLE LIBRARY

Southville International School and Colleges Library

1281 Tropical Ave. Cor. Luxembourg St., BF Homes International, Las Pinas City

Tel. No. 8256374 / 252358 Loc. 117/146

Powered by Koha